000 02649cam a2200277 4500500
005 20260208003131.0
041 _afre
042 _adc
100 1 0 _aPols, Jeannette
_eauthor
245 0 0 _aFabuleuses webcams
260 _c2018.
500 _a93
520 _aComment des technologies telles que les webcams modifient-elles le domaine de la santé, et quels concepts pourraient en décrire les effets ? Cet article explore la littérature sur le sujet et analyse ce que les personnes regardant à travers une webcam font, dans le cadre d’une pratique de santé particulière aux Pays-Bas, à savoir la réadaptation de personnes souffrant de broncho-pneumopathie chronique obstructive (BPCO) ou d’asthme. On relève plusieurs manières de décrire les activités dont les webcams sont le théâtre, à la fois dans une dimension de soutien aux patients et de réalisation des soins. La webcam (1) concentre les activités de ses usagers en focalisant leur attention sur la tâche en cours et (2) amplifie les caractéristiques des relations préexistantes entre leurs usagers en imposant une distance relationnelle qui sied mieux aux conversations intimes. (3) Enfin, si la webcam déplace les notions d’espace et de distance, son fonctionnement semble fortement lié à son emplacement.
520 _aHow do technologies such as webcams influence health care and what concepts may describe this? This article explores the literature and analyses what people looking through webcams do within a particular health care practice in the Netherlands, that is, within the rehabilitation of people suffering from severe chronic obstructive pulmonary disease (COPD) or asthma. Several ways to describe the activities webcams support and perform are identified. The webcam is (1) concentrating the activities of its users, by making them focus on the task at hand and (2) magnifies the characteristics of the already existing relationships between webcam users by imposing a relational distance that fits best with intimate contacts. (3) Although webcams shift notions of space and distance, their working appears to be related, to a great extent, to their location.
690 _aBPCO (broncho-pneumopathie chronique obstructive)
690 _aphilosophie de la technologie
690 _asoins à distance
690 _awebcams
690 _aCOPD
690 _adistance
690 _aphilosophy of technology
690 _atelecare
690 _awebcams
786 0 _nRéseaux | 207 | 1 | 2018-03-24 | p. 65-94 | 0751-7971
856 4 1 _uhttps://shs.cairn.info/revue-reseaux-2018-1-page-65?lang=fr&redirect-ssocas=7080
999 _c1647256
_d1647256